Đào tạo và xây dựng đội ngũ cán bộ văn hoá cho các huyện ngoại thành TP. Hồ Chí Minh /

Сохранить в:
Библиографические подробности
Главный автор: Huỳnh Quốc Thắng.
Формат: Статья
Язык:Vietnamese
Предметы:
Метки: Добавить метку
Нет меток, Требуется 1-ая метка записи!
Thư viện lưu trữ: Thư viện Trường Đại học Đà Lạt
LEADER 00868nam a2200277 4500
001 DLU090066152
005 ##20090427
040 # # |a DLU  |b vie 
041 # # |a vie 
044 # # |a vn 
100 # # |a Huỳnh Quốc Thắng. 
245 # # |a Đào tạo và xây dựng đội ngũ cán bộ văn hoá cho các huyện ngoại thành TP. Hồ Chí Minh /  |c Huỳnh Quốc Thắng. 
653 # # |a Đời sống văn hoá 
653 # # |a Công tác cán bộ 
653 # # |a Ngoại thành 
653 # # |a Thành phố Hồ Chí Minh 
773 # # |t Khoa học Xã hội  |g Số 20, 1994, tr. 100-104 
920 # # |a Phòng Tạp chí -- Trung tâm Thông tin - Thư viện Trường Đại học Đà Lạt 
994 # # |a DLU 
900 # # |a True 
911 # # |a Nguyễn Thanh Hương 
925 # # |a G 
926 # # |a A 
927 # # |a BB 
980 # # |a Thư viện Trường Đại học Đà Lạt